• 首页
  • 本馆介绍
  • 公告通知
  • 最新文献
  • 馆藏检索
  • 电子资源
  • 读者导购
  • 参考咨询
  • 我的图书馆
  • 登录
  • 详细信息显示
  • 放入我的书架
  • 预约/预借图书
  • 作者相关作品
  • 分类相关作品
  • 丛书相关作品
  • 出版社相关作品

书目信息

  • 表格格式
  • 工作单格式
  • 卡片格式
题名:
仿生人工智能
    
 
作者: 弗罗来若 , 米提西 著 ;程国建 译
分册:  
出版信息: 北京   国防工业出版社  2017.03
页数: 399页
开本: 26cm
丛书名:
单 册:
中图分类: Q811 , TP18
科图分类:
主题词: 仿生--人工智能
电子资源:
ISBN: 978-7-118-10990-0
000 01546nam0 2200313 450
001 0400006757
005 20171108161753.0
010    @a978-7-118-10990-0@dCNY109.00
100    @a20170427d2017 em y0chiy50 ea
101 1  @achi@ceng
102    @aCN@b110000
105    @aa z 000yy
106    @ar
200 1  @a仿生人工智能@Afang sheng ren gong zhi neng@dBio-inspired artificial intelligence@f(瑞士)Dario Floreano,(瑞士)Claudio Mattiussi著@g程国建[等]译@zeng
210    @a北京@c国防工业出版社@d2017.03
215    @a399页@c图@d26cm
300    @a装备科技译著出版基金
300    @a本书由西安石油大学优秀学术著作出版基金资助
305    @a本书简体中文版由MTT Press授权国防工业出版社独家出版
330    @a本书旨在为仿生人工智能提供一个系统性的入门介绍,并为工程师提供实现设计原理的工具箱。以理论方法与软硬件技术相结合的方式解释仿生人工智能的应用。本书分为七章,逐步引导读者进入到不同时间和空间尺度的生物系统和人工系统中。在时间尺度上,从进化系统开始、穿越发育及学习系统、再到与环境及个体交互的行为系统。在空间尺度上,从细胞、神经元开始到多细胞有机体,再到由个体组成的群体系统。对每个系统的介绍都是以其生物背景开始再通过描述工程方法和技术来进行。
510 1  @aBio-inspired artificial intelligence@zeng
606 0  @a仿生@x人工智能
690    @aQ811@v5
690    @aTP18@v5
701  1 @c(瑞士)@a弗罗来若@Afu luo lai ruo@bD.@g(Floreano, Dario)@4著
701  1 @c(瑞士)@a米提西@Ami ti xi@bC.@g(Mattiussi, Claudio)@4著
702  0 @a程国建@Acheng guo jian@4译
801  0 @aCN@b上海新华@c20171105
905    @b1024234-8@dQ811@e220@f5
    
    仿生人工智能=Bio-inspired artificial intelligence/(瑞士)Dario Floreano,(瑞士)Claudio Mattiussi著/程国建[等]译.-北京:国防工业出版社,2017.03
    399页:图;26cm
    装备科技译著出版基金.-本书由西安石油大学优秀学术著作出版基金资助
    
    ISBN 978-7-118-10990-0:CNY109.00
    本书旨在为仿生人工智能提供一个系统性的入门介绍,并为工程师提供实现设计原理的工具箱。以理论方法与软硬件技术相结合的方式解释仿生人工智能的应用。本书分为七章,逐步引导读者进入到不同时间和空间尺度的生物系统和人工系统中。在时间尺度上,从进化系统开始、穿越发育及学习系统、再到与环境及个体交互的行为系统。在空间尺度上,从细胞、神经元开始到多细胞有机体,再到由个体组成的群体系统。对每个系统的介绍都是以其生物背景开始再通过描述工程方法和技术来进行。
●
相关链接 在E读中查询图书 在五车中查询图书 在当当中查询图书 在豆瓣中查询图书


正题名:仿生人工智能     索取号:Q811/220         预约/预借

序号 登录号 条形码 馆藏地/架位号 状态 备注
1 1024234   210242343   第二样本阅览室/ [索取号:Q811/220] 在馆    
2 1024235   210242352   密集书库-生命科学系/ [索取号:Q811/220] 在馆    
3 1024236   210242361   第三借阅区/ [索取号:Q811/220] 在馆    
4 1024237   210242370   第三借阅区/ [索取号:Q811/220] 在馆    
5 1024238   210242389   第三借阅区/ [索取号:Q811/220] 在馆    
唐山师范学院图书馆 欢迎您!
大连网信软件有限公司© 版权所有